| 000 | nam a22 7a 4500 | ||
|---|---|---|---|
| 999 |
_c390030 _d390030 |
||
| 003 | BLK | ||
| 005 | 20201014110045.0 | ||
| 008 | 201014b bu ||||| |||| 00| 0 bu d | ||
| 040 | _aBLK | ||
| 041 |
_aBUL _cBUL |
||
| 080 |
_aЖелезопътно строителство. Пътно строителство _b625 _x(497.2)(083.7) _z625(497.2)(083.7) |
||
| 110 |
_9435207 _aБългария. Министерство на общ. сгради, пътищата и съобщенията |
||
| 245 | _aТаблица за километрическите растояния между градовете и селата на княжество България | ||
| 260 |
_9211206 _aСофия _bДърж. печ. _c1896 |
||
| 300 |
_a442 с. _bс табл. _c29 см _e1 л.: к. |
||
| 380 | _a62 | ||
| 490 |
_9435080 _aКолекция Редки и ценни издания |
||
| 500 | _aСъдържа: Приказ N 794 от 17.07.1895 на м-р М. Ив. Маджаров ; [Писмо] до м-ра на общ. сгради, пътищата и съобщенията, Инж. отд. от м. февр. 1896, подписано от инж.-инспектор Ст. Сарафов, съветник във Върховната сметна палата, С. Д. Въженов и счетоводител в М-вото на вътр. работи Н. Тантилов | ||
| 650 | 7 |
_9163495 _aНаселени места - България - списъци |
|
| 852 |
_aРб 896 _bРц |
||
| 942 |
_cKNG _n0 _s1 |
||
| 944 |
_aCR _c2020-10-14 _kВЙ |
||